|
|
|
|
| LEADER |
01840nam a22003854a 4500 |
| 001 |
45733 |
| 003 |
BD-DhAAL |
| 005 |
20260510183103.0 |
| 008 |
260510t2003 nyua b 001 0 eng |
| 010 |
|
|
|a 2002015019
|
| 020 |
|
|
|a 0801434920
|
| 020 |
|
|
|a 9780801489822
|
| 020 |
|
|
|a 9780801434921
|
| 035 |
|
|
|a 12928897
|
| 040 |
|
|
|a DLC
|c DLC
|d DLC
|d BD-DhAAL
|
| 042 |
|
|
|a pcc
|
| 043 |
|
|
|a a-ja---
|a e-it---
|
| 050 |
0 |
0 |
|a JN5345
|b .S25 2003
|
| 082 |
0 |
0 |
|a 303.34945034
|2 23
|
| 100 |
1 |
|
|a Samuels, Richard J.
|9 60567
|
| 245 |
1 |
0 |
|a Machiavelli's children :
|b leaders and their legacies in Italy and Japan /
|c Richard J. Samuels.
|
| 260 |
|
|
|a Ithaca :
|b Cornell University Press,
|c c2003.
|
| 300 |
|
|
|a xiv, 456 pages :
|b illustrations ;
|c 24 cm
|
| 504 |
|
|
|a Includes bibliographical references and index.
|
| 526 |
1 |
|
|a AAL
|
| 541 |
8 |
|
|a Donated by Embassy of Japan in Bangladesh, Read Japan Project 2025, The Tokyo Foundation, supported by The Nippon Foundation.
|e 45733
|
| 650 |
|
0 |
|a Political leadership
|z Italy
|x History
|y 19th century.
|9 60568
|
| 650 |
|
0 |
|a Political leadership
|z Italy
|x History
|y 20th century.
|9 60569
|
| 650 |
|
0 |
|a Political leadership
|z Japan
|x History
|y 19th century.
|9 60570
|
| 650 |
|
0 |
|a Political leadership
|z Japan
|x History
|y 20th century.
|9 60571
|
| 650 |
|
0 |
|a Social sciences.
|
| 852 |
1 |
|
|a Ayesha Abed Library
|c General Stacks
|
| 942 |
|
|
|2 ddc
|c BK
|
| 999 |
|
|
|c 47905
|d 47905
|
| 952 |
|
|
|0 0
|1 0
|2 ddc
|4 0
|6 303_349450340000000_SAM
|7 0
|9 79163
|a BRACUL
|b BRACUL
|d 2026-05-10
|e Donated by Embassy of Japan in Bangladesh, Read Japan Project 2025, The Tokyo Foundation, supported by The Nippon Foundation.
|l 0
|o 303.34945034 SAM
|p 3010045733
|r 2026-05-10
|t 1
|w 2026-05-10
|y BK
|x Donated copy received from Embassy of Japan in Bangladesh, Read Japan Project 2025, The Tokyo Foundation, supported by The Nippon Foundation on 08 April 2026; $10.87
|